Дело о заключении контракта с Глазуновым и Кушинниковым на содержание театральной типографии

RUSMARC
00006507cbc2a2200000#x 450
0017ee2520f-e709-41a7-acec-04130868e269
00520200113151319.0
100##$a20170704l18481848k l0rusy0189 ca
1010#$arus
102##$aRU
2001#$aДело о заключении контракта с Глазуновым и Кушинниковым на содержание театральной типографии
$j19 января - 19 мая 1848 г.
251##$cДело
300##$aПо Санкт-Петербургской дирекции за 1848 год
300##$aНа бланке обложки указано: "Дело по Конторе императорских санкт-петербургских театров"
300##$aЗаголовок дела также: Дело о заключении контракта с почетным гражданином Глазуновым и купцом Кушинниковым на содержание театральной типографии
300##$aРукописный текст. Чернила
801#0$aRU
$bРГИА
$c20170704
801#1$aRU
$bГлавНИВЦ
$c20170704
$2rusmarc
801#2$aRU
$bПБ им. Б.Н. Ельцина
$c20181227
$gRCR
$2rusmarc
850##$aФедеральное казенное учреждение "Российский государственный исторический архив" (РГИА)
852##$aРГИА
$j11711
937##$hРГИА
$d12246868
$aASBIBLIO_SCAN
462#0$1001dd3991dc-24e1-42ec-8838-ca4255420416
$12001
$a1746-1850 гг.
$vД. 11711
$1251
$cОпись
$1852
$j1
461#0$10019264ebf8-de62-4f1a-9eb4-9f22098dbbd5
$12001
$aДирекция императорских театров МИДв
$1251
$cФонд
$1852
$j497
215##$a50 листов
$d36,5х26 см
371##$aДокумент не является опубликованным и широко распространяемым
105##$ay###
1222#$ad18480119##
$ad18480519##
035##$a7ee2520f-e709-41a7-acec-04130868e269
856##$uhttp://readingroom.main.prlib.ru/item.aspx?id_node=n122553376&mode=full
5171#$aДело о заключении контракта с почетным гражданином Глазуновым и купцом Кушинниковым на содержание театральной типографии
600#1$2prlib_sh
$3LIBNET\UAF\0000087026
$aГлазунов
$bИ.И.
$gИлья Иванович
$f1786-1849
$jДокументы и материалы
686##$2rubbk
$a76.17
$vLBC/M
686##$a63.3(2)521-7
$vLBC/M
$2rubbk
686##$a85.33
$vLBC/M
$2rubbk
6061#$2nlr_sh1
$3RU\NLR\AUTH\66223789
$aИздательское дело
$yРоссия
$z19 в.
$jДокументы и материалы
6061#$aАфиши театральные
$jДокументы и материалы
$2nlr_sh1
$3RU\NLR\AUTH\6694164
60101$2prlib_sh
$3LIBNET\UAF\0000083361
$aРоссия
$bДирекция императорских театров
$bПетербургская контора
$jДокументы и материалы
605##$2acquisition_Prlib
$3LIBNET\UAF\0000080478
$aГод театра в России
$lколлекция
605##$2acquisition_Prlib
$3DITM\AF\0000004166
$aРоссия в лицах
$lколлекция
Формат отображения